| 000 | 00901nam a22003017a 4500 | ||
|---|---|---|---|
| 001 | BR8900722 | ||
| 003 | BR-BrBNA | ||
| 005 | 20230928093141.0 | ||
| 007 | ta | ||
| 008 | 230509b bl.||||| |||| 00| 0 por d | ||
| 040 |
_aBR-BrBNA _bpor _cBiblioteca Nacional de Agricultura |
||
| 041 | _a(Por) | ||
| 072 |
_aL02 _b5213 |
||
| 090 | _ 5213 BR8900722 | ||
| 100 | 1 | _aNogueira, J.R. | |
| 100 | 1 | _aBarbosa, C. | |
| 100 | 1 | _aCampos, B. do E.S. de | |
| 245 | 1 | _aIntervalos de aplicacao do anabolizante zeranol no ganho de peso de novilhos nelores castrados, em pastagens de capim coloniao (Panicum maximum, Jacq.) | |
| 260 | 3 |
_a[np](Brasil): _c[nd]. |
|
| 300 | _a12 p. | ||
| 500 | _aPublished 1980?; Summary (Por); 9 ref. | ||
| 650 | _aGADO DE CORTE | ||
| 650 | _aCAPIM COLONIAO | ||
| 650 | _aANABOLIZANTE | ||
| 650 | _aGANHO DE PESO | ||
| 909 |
_a202309 _bLucia _c55 _dLucia Elande |
||
| 942 | _cBK | ||
| 999 |
_c43284 _d43284 |
||